| 000 | 00476nam a22001937a 4500 | ||
|---|---|---|---|
| 003 | MPLRDC | ||
| 005 | 20220104142555.0 | ||
| 008 | 210129b ||||| |||| 00| 0 eng d | ||
| 020 | _a957-9534-25-X | ||
| 082 | _a226.965 CAV | ||
| 100 | _aJEAN CLAUDE CAVVIERE | ||
| 245 |
_a贤劫 _c洪惠娇 译 |
||
| 250 | _a第一版 | ||
| 260 |
_a台湾 _b圆明出版社 _c1997 |
||
| 300 | _b291 | ||
| 490 | _a密乘法海. 9 | ||
| 650 | _a藏传佛教 | ||
| 942 |
_cBK _o226.965 CAV |
||
| 999 |
_c31985 _d31975 |
||